KotLC Characters' Last Names - Statistics

General Stats
  • This quiz has been taken 455 times
  • The average score is 13 of 15
Answer Stats
Hint Answer % Correct
Fitz Vacker
100%
Biana Vacker
100%
Sophie Foster
99%
Keefe Sencen
98%
Dex Dizznee
97%
Linh Song
97%
Tam Song
97%
Grady Ruewen
91%
Edaline Ruewen
91%
Stina Heks
83%
Wylie Endal
81%
Marella Redek
75%
Ritz Cracker
63%
Livvy Sonden
56%
Kenric (R.I.P.) Fathdon
48%
No matching quizzes found
Score Distribution
Percent of People with Each Score
Percentile by Number Answered
Your Score History
You have not taken this quiz